<?xml version="1.0" encoding="UTF-8"?>
<record
    xmlns:xsi="http://www.w3.org/2001/XMLSchema-instance"
    xsi:schemaLocation="http://www.loc.gov/MARC21/slim http://www.loc.gov/standards/marcxml/schema/MARC21slim.xsd"
    xmlns="http://www.loc.gov/MARC21/slim">

  <leader>01171nam a22002777a 4500</leader>
  <datafield tag="999" ind1=" " ind2=" ">
    <subfield code="c">22444</subfield>
    <subfield code="d">22444</subfield>
  </datafield>
  <controlfield tag="003">OSt</controlfield>
  <controlfield tag="005">20220908103315.0</controlfield>
  <controlfield tag="008">180228s2017    pe            000 0 spa  </controlfield>
  <datafield tag="020" ind1=" " ind2=" ">
    <subfield code="a">9786123173920</subfield>
  </datafield>
  <datafield tag="040" ind1=" " ind2=" ">
    <subfield code="c">Biblioteca Municipal de Cusco</subfield>
  </datafield>
  <datafield tag="082" ind1=" " ind2=" ">
    <subfield code="a">985.03/T99</subfield>
    <subfield code="b">T99</subfield>
  </datafield>
  <datafield tag="100" ind1=" " ind2=" ">
    <subfield code="a">Tyuleneva, Vera</subfield>
    <subfield code="d">1973-</subfield>
    <subfield code="9">48204</subfield>
  </datafield>
  <datafield tag="245" ind1=" " ind2=" ">
    <subfield code="a">El Paititi :</subfield>
    <subfield code="b">historia de la b&#xFA;squeda de un reino perdido /</subfield>
    <subfield code="c">Vera Tyuleneva</subfield>
  </datafield>
  <datafield tag="250" ind1=" " ind2=" ">
    <subfield code="a">Primer edici&#xF3;n</subfield>
  </datafield>
  <datafield tag="260" ind1=" " ind2=" ">
    <subfield code="a">Lima :</subfield>
    <subfield code="a">Cusco :</subfield>
    <subfield code="b">Pontificia Universidad Cat&#xF3;lica del Per&#xFA;, Fondo Editorial ;</subfield>
    <subfield code="b">Centro de Estudios Regionales Andinos Bartolom&#xE9; de Las Casas,</subfield>
    <subfield code="c">2018.</subfield>
  </datafield>
  <datafield tag="300" ind1=" " ind2=" ">
    <subfield code="a">475 p. :</subfield>
    <subfield code="b">il. (algunas col.), mapas, planos ;</subfield>
    <subfield code="c">24 cm.</subfield>
  </datafield>
  <datafield tag="490" ind1=" " ind2=" ">
    <subfield code="a">Estudios andinos ;</subfield>
    <subfield code="v">23</subfield>
  </datafield>
  <datafield tag="504" ind1=" " ind2=" ">
    <subfield code="a">Bibliograf&#xED;a: p. [433]-475.</subfield>
  </datafield>
  <datafield tag="650" ind1=" " ind2=" ">
    <subfield code="a">Incas</subfield>
    <subfield code="x">Historia</subfield>
    <subfield code="9">48205</subfield>
  </datafield>
  <datafield tag="650" ind1=" " ind2=" ">
    <subfield code="a">Inkas</subfield>
    <subfield code="x">Antig&#xFC;edades</subfield>
    <subfield code="9">48206</subfield>
  </datafield>
  <datafield tag="650" ind1=" " ind2=" ">
    <subfield code="a">Mitos geogr&#xE1;ficos</subfield>
    <subfield code="z">Am&#xE9;rica del Sur</subfield>
    <subfield code="9">48207</subfield>
  </datafield>
  <datafield tag="651" ind1=" " ind2=" ">
    <subfield code="a">Am&#xE9;rica del Sur</subfield>
    <subfield code="x">Descubrimiento y exploraciones</subfield>
    <subfield code="x">Historia</subfield>
    <subfield code="v">Fuentes</subfield>
    <subfield code="9">48208</subfield>
  </datafield>
  <datafield tag="710" ind1=" " ind2=" ">
    <subfield code="a">Pontificia Universidad Cat&#xF3;lica del Per&#xFA;</subfield>
    <subfield code="9">400</subfield>
  </datafield>
  <datafield tag="710" ind1=" " ind2=" ">
    <subfield code="a">Centro de Estudios Regionales Andinos Bartolom&#xE9; de Las Casas (Cusco)</subfield>
    <subfield code="9">48209</subfield>
  </datafield>
  <datafield tag="942" ind1=" " ind2=" ">
    <subfield code="2">ddc</subfield>
    <subfield code="c">LIBROS</subfield>
  </datafield>
  <datafield tag="952" ind1=" " ind2=" ">
    <subfield code="0">0</subfield>
    <subfield code="1">0</subfield>
    <subfield code="2">ddc</subfield>
    <subfield code="4">0</subfield>
    <subfield code="7">0</subfield>
    <subfield code="a">SH</subfield>
    <subfield code="b">SH</subfield>
    <subfield code="d">2022-08-18</subfield>
    <subfield code="e">Donaci&#xF3;n</subfield>
    <subfield code="g">90.00</subfield>
    <subfield code="o">985.03/T99</subfield>
    <subfield code="p">SH0000016331</subfield>
    <subfield code="r">2022-08-18</subfield>
    <subfield code="w">2022-08-18</subfield>
    <subfield code="y">LIBROS</subfield>
  </datafield>
  <datafield tag="952" ind1=" " ind2=" ">
    <subfield code="0">0</subfield>
    <subfield code="1">0</subfield>
    <subfield code="2">ddc</subfield>
    <subfield code="4">0</subfield>
    <subfield code="7">0</subfield>
    <subfield code="a">SH</subfield>
    <subfield code="b">SH</subfield>
    <subfield code="d">2022-08-18</subfield>
    <subfield code="e">Donaci&#xF3;n</subfield>
    <subfield code="g">90.00</subfield>
    <subfield code="o">985.03/T99/e.2</subfield>
    <subfield code="p">SH0000016332</subfield>
    <subfield code="r">2022-08-18</subfield>
    <subfield code="w">2022-08-18</subfield>
    <subfield code="y">LIBROS</subfield>
  </datafield>
</record>
